Statistics for Selena Quintanilla Perez

Click here to take the quiz!

General Stats

  • This quiz has been taken 367 times
  • The average score is 7 of 9

Answer Stats

HintAnswer% Correct
What year did she pass away?1995
96%
How old was she when she passed away?23
96%
How many siblings did she have?2
93%
What year was Selena born?1971
92%
Who played her in the movie "Selena"?Jennifer Lopez
91%
What was her husband's name?Chris Perez
84%
How old was she when her first album was released?12
59%
Where was Selena born?Lake Jackson,Texas
44%
Where did Selena get murdered?Corpus Christi, Texas
28%

Score Distribution

Percentile by Number Answered

Percent of People with Each Score

Your Score History

You have not taken this quiz